[Event "35.C.to Italiano"]
[Site "Castelvecchio Pascoli - Barga"]
[Date "1974.10.01"]
[Round "1"]
[White "Contedini, Ennio"]
[Black "Paoli, Enrico"]
[Result "1/2-1/2"]
[WhiteElo "2270"]
[BlackElo "2280"]
[Annotator "Gabriele Ballarin"]
[PlyCount "42"]
[EventDate "1974.10.01"]
[EventType "tourn"]
[EventRounds "13"]
[EventCountry "ITA"]
[EventCategory "3"]

1. e4 c5 2. c3 e6 3. d4 d5 4. e5 Nc6 5. Nf3 Nge7 6. a3 Nf5 7. b4 cxd4 8. cxd4 Qb6 9. Be3 Bd7 10. Bd3 Rc8 11. O-O Be7 12. Nbd2 O-O 13. Nb3 Nb8 14. Nc5 Bb5 15. Rb1 a6 16. Bxb5 Qxb5 17. a4 Qb6 18. Qd3 Rc7 19. Bd2 g6 20. g4 Ng7 21. Ng5 Nc6 1/2-1/2

[Event "35.C.to Italiano"]
[Site "Castelvecchio Pascoli - Barga"]
[Date "1974.10.01"]
[Round "1"]
[White "Cosulich, Roberto"]
[Black "Toth, Bela"]
[Result "0-1"]
[WhiteElo "2430"]
[BlackElo "2385"]
[Annotator "Gabriele Ballarin"]
[PlyCount "46"]
[EventDate "1974.10.01"]
[EventType "tourn"]
[EventRounds "13"]
[EventCountry "ITA"]
[EventCategory "3"]

1. e4 e5 2. Nf3 Nf6 3. d4 Nxe4 4. Bd3 d5 5. Nxe5 Bd6 6. O-O O-O 7. c4 Bxe5 8. dxe5 Nc6 9. f4 Bf5 10. Nc3 Nxc3 11. bxc3 Bxd3 12. Qxd3 dxc4 13. Qxc4 Qd7 14. Ba3 Rfd8 15. Rad1 Qxd1 16. Rxd1 Rxd1+ 17. Kf2 Rad8 18. e6 fxe6 19. Qxe6+ Kh8 20. f5 R1d2+ 21. Kg3 R2d3+ 22. Kh4 Rxc3 23. f6 Rxa3 0-1

[Event "35.C.to Italiano"]
[Site "Castelvecchio Pascoli - Barga"]
[Date "1974.10.01"]
[Round "1"]
[White "Micheli, Carlo"]
[Black "Mariotti, Sergio"]
[Result "0-1"]
[WhiteElo "2320"]
[BlackElo "2465"]
[Annotator "Gabriele Ballarin"]
[PlyCount "58"]
[EventDate "1974.10.01"]
[EventType "tourn"]
[EventRounds "13"]
[EventCountry "ITA"]
[EventCategory "3"]

1. e4 c5 2. Nf3 e6 3. d4 cxd4 4. Nxd4 a6 5. Nc3 Qc7 6. g3 Nf6 7. Bg2 d6 8. O-O Be7 9. a4 Nc6 10. b3 Bd7 11. Bb2 Rc8 12. Rc1 O-O 13. Nce2 Nxd4 14. Nxd4 b5 15. axb5 axb5 16. Qe2 Qb6 17. c4 bxc4 18. bxc4 Rb8 19. Ba1 Rfc8 20. h3 Rc5 21. Kh2 Qc7 22. Rc3 Rb4 23. Rfc1 Qb8 24. Qd3 Ba4 25. f4 Nd7 26. e5 dxe5 27. Nb5 Nf8 28. fxe5 Bxb5 29. cxb5 Rbxb5 0-1

[Event "35.C.to Italiano"]
[Site "Castelvecchio Pascoli - Barga"]
[Date "1974.10.01"]
[Round "1"]
[White "Primavera, Roberto"]
[Black "Primavera, Giuseppe"]
[Result "1/2-1/2"]
[WhiteElo "2280"]
[BlackElo "2250"]
[Annotator "Gabriele Ballarin"]
[PlyCount "35"]
[EventDate "1974.10.01"]
[EventType "tourn"]
[EventRounds "13"]
[EventCountry "ITA"]
[EventCategory "3"]

1. Nf3 g6 2. g3 Bg7 3. Bg2 d6 4. d4 Nf6 5. c4 O-O 6. O-O Nbd7 7. Nc3 e5 8. h3 c6 9. e4 exd4 10. Nxd4 Re8 11. Re1 Nc5 12. Nb3 Be6 13. Nxc5 dxc5 14. Qe2 Nd7 15. Bd2 Nb6 16. b3 Qd7 17. Kh2 Rad8 18. Rad1 1/2-1/2

[Event "35.C.to Italiano"]
[Site "Castelvecchio Pascoli - Barga"]
[Date "1974.10.01"]
[Round "1"]
[White "Zichichi, Alvise"]
[Black "Nestler, Vincenzo"]
[Result "1/2-1/2"]
[WhiteElo "2355"]
[BlackElo "2220"]
[Annotator "Gabriele Ballarin"]
[PlyCount "36"]
[EventDate "1974.10.01"]
[EventType "tourn"]
[EventRounds "13"]
[EventCountry "ITA"]
[EventCategory "3"]

1. b3 d5 2. Bb2 Nf6 3. Nf3 Nbd7 4. g3 g6 5. Bg2 Bg7 6. O-O O-O 7. c4 c6 8. cxd5 Nxd5 9. Bxg7 Kxg7 10. Qc1 N7b6 11. d4 Bg4 12. Nbd2 Qc8 13. e4 Nf6 14. Qb2 Kg8 15. Rac1 Bxf3 16. Bxf3 Qh3 17. Nc4 Ng4 18. Bxg4 Qxg4 1/2-1/2

[Event "35.C.to Italiano"]
[Site "Castelvecchio Pascoli - Barga"]
[Date "1974.10.02"]
[Round "2"]
[White "Mariotti, Sergio"]
[Black "Contedini, Ennio"]
[Result "1-0"]
[WhiteElo "2465"]
[BlackElo "2270"]
[Annotator "Gabriele Ballarin"]
[PlyCount "78"]
[EventDate "1974.10.01"]
[EventType "tourn"]
[EventRounds "13"]
[EventCountry "ITA"]
[EventCategory "3"]

1. c4 Nf6 2. Nc3 e5 3. g3 Nc6 4. Bg2 Bc5 5. e3 O-O 6. Nge2 Re8 7. d3 d6 8. h3 Bf5 9. a3 a5 10. g4 Bg6 11. Ng3 Nd7 12. h4 f6 13. g5 fxg5 14. Bd5+ Kf8 15. hxg5 Qxg5 16. Nce4 Bxe4 17. Nxe4 Qg6 18. Qf3+ Ke7 19. Bd2 Rf8 20. Qh3 Nf6 21. Nxc5 dxc5 22. Qe6+ Kd8 23. Bxc6 bxc6 24. Qxc6 Rb8 25. Bxa5 Rf7 26. O-O-O Qf5 27. f3 h6 28. Rhf1 Rb3 29. d4 cxd4 30. exd4 Rd7 31. dxe5 Qxe5 32. Qa8+ Ke7 33. Rfe1 Re3 34. Bd2 Rxd2 35. Kxd2 Qd4+ 36. Kc1 Qxc4+ 37. Kb1 Re2 38. Rxe2+ Qxe2 39. Rc1 Qxf3 1-0

[Event "35.C.to Italiano"]
[Site "Castelvecchio Pascoli - Barga"]
[Date "1974.10.02"]
[Round "2"]
[White "Paoli, Enrico"]
[Black "Cosulich, Roberto"]
[Result "0-1"]
[WhiteElo "2280"]
[BlackElo "2430"]
[Annotator "Gabriele Ballarin"]
[PlyCount "56"]
[EventDate "1974.10.01"]
[EventType "tourn"]
[EventRounds "13"]
[EventCountry "ITA"]
[EventCategory "3"]

1. e4 e6 2. d4 d5 3. Nd2 c5 4. exd5 exd5 5. Bb5+ Bd7 6. Qe2+ Be7 7. Bxd7+ Nxd7 8. dxc5 Ngf6 9. Nb3 O-O 10. Be3 Re8 11. Nf3 Nxc5 12. Nfd4 Na4 13. c3 Qd7 14. h3 Bd6 15. O-O-O a6 16. Rd3 Ne4 17. Qg4 Qc7 18. Nf5 Be5 19. Bd4 g6 20. Nh6+ Kg7 21. Qf4 f6 22. Bxe5 Qxe5 23. Qxe5 fxe5 24. Ng4 h5 25. Rxd5 Nb6 26. Ne3 Nxd5 27. Nxd5 Rad8 28. f3 Nf2 0-1

[Event "35.C.to Italiano"]
[Site "Castelvecchio Pascoli - Barga"]
[Date "1974.10.02"]
[Round "2"]
[White "Primavera, Giuseppe"]
[Black "Micheli, Carlo"]
[Result "1/2-1/2"]
[WhiteElo "2250"]
[BlackElo "2320"]
[Annotator "Gabriele Ballarin"]
[PlyCount "206"]
[EventDate "1974.10.01"]
[EventType "tourn"]
[EventRounds "13"]
[EventCountry "ITA"]
[EventCategory "3"]

1. d4 g6 2. c4 Bg7 3. Nc3 d6 4. e4 Nd7 5. Be3 c6 6. Qd2 Qc7 7. Be2 a6 8. Rc1 e5 9. f4 f6 10. Nf3 Ne7 11. fxe5 fxe5 12. O-O O-O 13. Ng5 exd4 14. Rxf8+ Nxf8 15. Bxd4 Bxd4+ 16. Qxd4 h6 17. Nf3 Be6 18. Kh1 Bf7 19. Rd1 Rd8 20. Qe3 Kg7 21. Nd4 b5 22. cxb5 axb5 23. b4 Ng8 24. Qg3 Kh8 25. Rf1 Bc4 26. Bxc4 bxc4 27. a4 Qb6 28. Nc2 Kg7 29. Qf4 Qa7 30. Qe3 Qxe3 31. Nxe3 Nf6 32. Nxc4 Nxe4 33. Nxe4 d5 34. Ned2 dxc4 35. Nxc4 Rd4 36. Rc1 Ne6 37. g3 Nc7 38. Ne5 Rxb4 39. Rxc6 Nd5 40. Rxg6+ Kh7 41. Ra6 Ne3 42. Nf3 Rb1+ 43. Ng1 Ra1 44. a5 Ra2 45. Re6 Ng4 46. Re2 Rxa5 47. Kg2 Ra3 48. Kh3 Ne3 49. Nf3 Nd5 50. Rf2 Nf6 51. Ne5 Kg7 52. Rf4 Ra5 53. Nf3 Kg6 54. Nh4+ Kg7 55. Nf5+ Kg6 56. Nh4+ Kg7 57. Rb4 Rd5 58. Rb7+ Rd7 59. Rb5 Rd2 60. Nf3 Rd5 61. Rb7+ Rd7 62. Rb6 Rd5 63. Rb7+ Rd7 64. Rb6 Nh7 65. Rb5 Rf7 66. Kg2 Nf6 67. h3 h5 68. Nd4 Rd7 69. Ne6+ Kh6 70. Nf4 Rd6 71. Kf3 Ra6 72. Ne2 Re6 73. Ra5 Rb6 74. Kf4 Ne8 75. Nd4 Ng7 76. Re5 Rf6+ 77. Ke3 Rg6 78. Kf3 Rf6+ 79. Kg2 Rd6 80. Re4 Ra6 81. Kf3 Rf6+ 82. Kg2 Ra6 83. Kf3 Rf6+ 84. Rf4 Kg5 85. Ke4 Rxf4+ 86. gxf4+ Kf6 87. h4 Ne8 88. Nf5 Ke6 89. Nd4+ Kf6 90. Nf5 Ke6 91. Ng3 Nf6+ 92. Kd4 Ng4 93. f5+ Kf6 94. Ke4 Nf2+ 95. Kf3 Nh3 96. Ke4 Nf2+ 97. Ke3 Nh3 98. Kd4 Nf4 99. Ke4 Ng2 100. Nxh5+ Kf7 101. Ke5 Nxh4 102. f6 Ng6+ 103. Kf5 Ne7+ 1/2-1/2

[Event "35.C.to Italiano"]
[Site "Castelvecchio Pascoli - Barga"]
[Date "1974.10.02"]
[Round "2"]
[White "Primavera, Roberto"]
[Black "Nestler, Vincenzo"]
[Result "1/2-1/2"]
[WhiteElo "2280"]
[BlackElo "2220"]
[Annotator "Gabriele Ballarin"]
[PlyCount "44"]
[EventDate "1974.10.01"]
[EventType "tourn"]
[EventRounds "13"]
[EventCountry "ITA"]
[EventCategory "3"]

1. e4 c5 2. Nf3 e6 3. d4 cxd4 4. Nxd4 Nf6 5. Bd3 a6 6. O-O Qc7 7. Qe2 Bc5 8. Nb3 Be7 9. c4 Nc6 10. Nc3 d6 11. f4 b6 12. Be3 Nb4 13. Bb1 Nd7 14. a3 Nc6 15. Qf2 Bb7 16. Bd3 Nc5 17. Nxc5 bxc5 18. Rad1 Rc8 19. Bc2 O-O 20. Qg3 Nd4 21. Rxd4 cxd4 22. Bxd4 f6 1/2-1/2

[Event "35.C.to Italiano"]
[Site "Castelvecchio Pascoli - Barga"]
[Date "1974.10.02"]
[Round "2"]
[White "Toth, Bela"]
[Black "Tatai, Stefano"]
[Result "1/2-1/2"]
[WhiteElo "2385"]
[BlackElo "2430"]
[Annotator "Gabriele Ballarin"]
[PlyCount "67"]
[EventDate "1974.10.01"]
[EventType "tourn"]
[EventRounds "13"]
[EventCountry "ITA"]
[EventCategory "3"]

1. d4 Nf6 2. c4 e6 3. Nc3 Bb4 4. Qc2 c5 5. dxc5 O-O 6. Bf4 Na6 7. Bd6 Re8 8. a3 Qa5 9. Rc1 Bxc3+ 10. Qxc3 Qxc3+ 11. Rxc3 Ne4 12. Rc2 Naxc5 13. Bxc5 Nxc5 14. b4 Ne4 15. f3 Nf6 16. e3 b6 17. Ne2 Ba6 18. Nd4 Rec8 19. Kd2 Kf8 20. Bd3 e5 21. Nf5 g6 22. Nd6 Rc6 23. Ne4 Nxe4+ 24. Bxe4 Rd6+ 25. Ke2 Rb8 26. b5 Bb7 27. Bxb7 Rxb7 28. a4 Rc7 29. Rhc1 Rc5 30. Ra2 a5 31. bxa6 Ra5 32. a7 Rc6 33. Kd3 Rxa7 34. Rb1 1/2-1/2

[Event "35.C.to Italiano"]
[Site "Castelvecchio Pascoli - Barga"]
[Date "1974.10.03"]
[Round "3"]
[White "Contedini, Ennio"]
[Black "Primavera, Giuseppe"]
[Result "1-0"]
[WhiteElo "2270"]
[BlackElo "2250"]
[Annotator "Gabriele Ballarin"]
[PlyCount "81"]
[EventDate "1974.10.01"]
[EventType "tourn"]
[EventRounds "13"]
[EventCountry "ITA"]
[EventCategory "3"]

1. e4 c5 2. Nf3 e6 3. Nc3 a6 4. d4 cxd4 5. Nxd4 Qc7 6. Be2 Nf6 7. O-O Be7 8. Be3 O-O 9. f4 d6 10. Qe1 Nc6 11. Qg3 Bd7 12. Rae1 b5 13. a3 Rfd8 14. Bd3 Nh5 15. Qf3 Nf6 16. Kh1 Nxd4 17. Bxd4 Bc6 18. Qg3 Nh5 19. Qh3 g6 20. f5 e5 21. Be3 Rab8 22. Re2 b4 23. axb4 Rxb4 24. Ref2 Qd7 25. Qf3 f6 26. b3 a5 27. Bc4+ Kg7 28. Nd5 Bxd5 29. Bxd5 a4 30. c3 Rbb8 31. b4 Qe8 32. Rd2 Rdc8 33. Ba7 Rb5 34. g3 g5 35. Bf2 Kh8 36. Ra1 Ng7 37. Rxa4 Qh5 38. Qxh5 Nxh5 39. c4 Rbb8 40. Ba7 Ra8 41. b5 1-0

[Event "35.C.to Italiano"]
[Site "Castelvecchio Pascoli - Barga"]
[Date "1974.10.03"]
[Round "3"]
[White "Cosulich, Roberto"]
[Black "Mariotti, Sergio"]
[Result "1/2-1/2"]
[WhiteElo "2430"]
[BlackElo "2465"]
[Annotator "Gabriele Ballarin"]
[PlyCount "20"]
[EventDate "1974.10.01"]
[EventType "tourn"]
[EventRounds "13"]
[EventCountry "ITA"]
[EventCategory "3"]

1. e4 c5 2. Nf3 e6 3. d4 cxd4 4. Nxd4 a6 5. Bd3 Bc5 6. Nb3 Ba7 7. Qe2 Nc6 8. Be3 Bxe3 9. Qxe3 Qc7 10. Nc3 Nge7 1/2-1/2

[Event "35.C.to Italiano"]
[Site "Castelvecchio Pascoli - Barga"]
[Date "1974.10.03"]
[Round "3"]
[White "Micheli, Carlo"]
[Black "Primavera, Roberto"]
[Result "1-0"]
[WhiteElo "2320"]
[BlackElo "2280"]
[Annotator "Gabriele Ballarin"]
[PlyCount "61"]
[EventDate "1974.10.01"]
[EventType "tourn"]
[EventRounds "13"]
[EventCountry "ITA"]
[EventCategory "3"]

1. e4 g6 2. d4 Bg7 3. Nc3 c6 4. Nf3 d5 5. h3 dxe4 6. Nxe4 Nf6 7. Nxf6+ exf6 8. Bc4 O-O 9. O-O Re8 10. Bb3 Nd7 11. Bf4 Nb6 12. c4 Be6 13. Rc1 Qd7 14. Qd2 g5 15. Bg3 h5 16. Rfd1 Rad8 17. Qa5 h4 18. Bh2 Bxh3 19. gxh3 Qxh3 20. Rc3 Qg4+ 21. Kh1 Re2 22. Rf1 Rde8 23. Bd1 Rxb2 24. Rg1 Qd7 25. Nxg5 fxg5 26. Qxg5 Qxd4 27. Rd3 Qe4+ 28. Bf3 Qg6 29. Rd8 Rf8 30. Rxf8+ Bxf8 31. Qf5 1-0

[Event "35.C.to Italiano"]
[Site "Castelvecchio Pascoli - Barga"]
[Date "1974.10.03"]
[Round "3"]
[White "Tatai, Stefano"]
[Black "Paoli, Enrico"]
[Result "1/2-1/2"]
[WhiteElo "2430"]
[BlackElo "2280"]
[Annotator "Gabriele Ballarin"]
[PlyCount "100"]
[EventDate "1974.10.01"]
[EventType "tourn"]
[EventRounds "13"]
[EventCountry "ITA"]
[EventCategory "3"]

1. e4 c5 2. Nf3 d6 3. Bb5+ Bd7 4. Bxd7+ Qxd7 5. c4 Nc6 6. O-O g6 7. d4 cxd4 8. Nxd4 Bg7 9. Be3 Nf6 10. f3 O-O 11. Nc3 Rfc8 12. b3 Ne8 13. Qd2 Nc7 14. Rac1 Nxd4 15. Bxd4 Bxd4+ 16. Qxd4 Qc6 17. Qd2 Re8 18. Kh1 Rac8 19. f4 Qc5 20. Nd5 Nxd5 21. exd5 e6 22. dxe6 Rxe6 23. f5 Rf6 24. fxg6 Rxf1+ 25. Rxf1 hxg6 26. Qf4 Qc7 27. Re1 Qd7 28. h3 Rc5 29. Rd1 Rc6 30. Rd5 Qe6 31. Qd4 b6 32. Kh2 Kf8 33. a4 Ke7 34. a5 Rc5 35. axb6 axb6 36. Qh4+ Kd7 37. Rd1 Qe5+ 38. Kh1 Ra5 39. Qf2 f5 40. Qxb6 Ra1 41. Qg1 Rxd1 42. Qxd1 Qc3 43. Qf3 Qa1+ 44. Kh2 Qe5+ 45. Qg3 f4 46. Qf3 Kc7 47. h4 Kb6 48. b4 g5 49. Qd5 gxh4 50. c5+ Kb5 1/2-1/2

[Event "35.C.to Italiano"]
[Site "Castelvecchio Pascoli - Barga"]
[Date "1974.10.04"]
[Round "4"]
[White "Mariotti, Sergio"]
[Black "Tatai, Stefano"]
[Result "0-1"]
[WhiteElo "2465"]
[BlackElo "2430"]
[Annotator "Gabriele Ballarin"]
[PlyCount "72"]
[EventDate "1974.10.01"]
[EventType "tourn"]
[EventRounds "13"]
[EventCountry "ITA"]
[EventCategory "3"]

1. d4 Nf6 2. Nf3 c5 3. d5 d6 4. c4 g6 5. Nc3 Bg7 6. g3 O-O 7. Bg2 e6 8. O-O exd5 9. cxd5 Qe7 10. Nd2 b6 11. a4 Ba6 12. h3 Nbd7 13. Nb5 Ne8 14. Nb1 Bxb5 15. axb5 Nc7 16. Qd3 Rfe8 17. e4 a6 18. bxa6 b5 19. a7 c4 20. Qd1 Nc5 21. Nc3 b4 22. Ne2 Nb5 23. Qc2 c3 24. bxc3 Nxc3 25. Nxc3 Bxc3 26. Bb2 Bxb2 27. Qxb2 b3 28. Ra3 Rxa7 29. Rxb3 Nxb3 30. Qxb3 Qe5 31. Qb6 Ra2 32. h4 Rc8 33. Qb3 Rcc2 34. Qf3 Kg7 35. Qe3 Re2 36. Qb6 Qxg3 0-1

[Event "35.C.to Italiano"]
[Site "Castelvecchio Pascoli - Barga"]
[Date "1974.10.04"]
[Round "4"]
[White "Micheli, Carlo"]
[Black "Contedini, Ennio"]
[Result "1-0"]
[WhiteElo "2320"]
[BlackElo "2270"]
[Annotator "Gabriele Ballarin"]
[PlyCount "79"]
[EventDate "1974.10.01"]
[EventType "tourn"]
[EventRounds "13"]
[EventCountry "ITA"]
[EventCategory "3"]

1. e4 e5 2. Nf3 Nc6 3. Bb5 f5 4. Nc3 Nf6 5. exf5 Bc5 6. O-O O-O 7. Nxe5 Nd4 8. Nf3 c6 9. Bd3 d5 10. Nxd4 Bxd4 11. Ne2 Be5 12. Ng3 Ne4 13. Be2 Qh4 14. d3 Nd6 15. c3 Nxf5 16. d4 Bd6 17. Qd2 h6 18. Bd3 Bd7 19. Qc2 Rf6 20. Bd2 Raf8 21. Rae1 Kh8 22. a4 b6 23. b4 Bc8 24. Qd1 Bd7 25. Qb3 Ne7 26. b5 c5 27. dxc5 bxc5 28. c4 d4 29. Re4 Bf4 30. Qa3 Ng6 31. Qxc5 Rf5 32. Rxf4 Rxc5 33. Rxh4 Nxh4 34. Bb4 Rfc8 35. Bxc5 Rxc5 36. Re1 a6 37. Re7 Bf5 38. Nxf5 Nxf5 39. Re8+ Kh7 40. g4 1-0

[Event "35.C.to Italiano"]
[Site "Castelvecchio Pascoli - Barga"]
[Date "1974.10.04"]
[Round "4"]
[White "Primavera, Giuseppe"]
[Black "Cosulich, Roberto"]
[Result "0-1"]
[WhiteElo "2250"]
[BlackElo "2430"]
[Annotator "Gabriele Ballarin"]
[PlyCount "80"]
[EventDate "1974.10.01"]
[EventType "tourn"]
[EventRounds "13"]
[EventCountry "ITA"]
[EventCategory "3"]

1. d4 Nf6 2. c4 c5 3. d5 g6 4. Nc3 Bg7 5. e4 d6 6. f4 O-O 7. Nf3 b5 8. cxb5 a6 9. bxa6 Bxa6 10. Bxa6 Nxa6 11. O-O Nb4 12. a3 c4 13. Ne1 Qb6+ 14. Kh1 Na6 15. Qe2 Nd7 16. Be3 Qb3 17. Rc1 Rab8 18. Rf2 Rfc8 19. Qd2 Nac5 20. Re2 Qb7 21. Qc2 Qa6 22. Rd1 Rb3 23. Bc1 Bxc3 24. bxc3 Na4 25. Re3 Qa5 26. Nf3 Nxc3 27. Bd2 Nxd1 28. Rxb3 Qc5 29. Qxd1 cxb3 30. Qxb3 Nf6 31. e5 Ne4 32. Be3 Qc1+ 33. Ng1 Rc3 34. Qb8+ Kg7 35. Bd4 Rd3 36. Qb6 Qd1 37. Bb2 Kh6 38. exd6 exd6 39. g4 Qxg4 40. Bd4 Rd2 0-1

[Event "35.C.to Italiano"]
[Site "Castelvecchio Pascoli - Barga"]
[Date "1974.10.04"]
[Round "4"]
[White "Toth, Bela"]
[Black "Zichichi, Alvise"]
[Result "1-0"]
[WhiteElo "2385"]
[BlackElo "2355"]
[Annotator "Gabriele Ballarin"]
[PlyCount "84"]
[EventDate "1974.10.01"]
[EventType "tourn"]
[EventRounds "13"]
[EventCountry "ITA"]
[EventCategory "3"]

1. d4 e6 2. c4 Nf6 3. Nc3 Bb4 4. e3 O-O 5. Bd3 d6 6. Nge2 c5 7. O-O Nc6 8. Bd2 Bd7 9. a3 Ba5 10. Rb1 Qe7 11. Ne4 Nxe4 12. Bxe4 Bxd2 13. Qxd2 Rab8 14. b4 b6 15. Rfd1 Rfd8 16. Bf3 Be8 17. g3 Qc7 18. Rdc1 Ne7 19. Bg2 a6 20. Rb2 h6 21. h3 Bc6 22. d5 exd5 23. cxd5 Bd7 24. e4 Ng6 25. f4 Bb5 26. Nd4 Qe7 27. Nxb5 axb5 28. bxc5 bxc5 29. Rcb1 Qa7 30. Kh2 Kh7 31. h4 Rd7 32. Rxb5 Rxb5 33. Rxb5 Qxa3 34. Bh3 Ra7 35. Bf5 Qa1 36. Rb2 c4 37. Rc2 Qb1 38. h5 c3 39. Qc1 Qb3 40. Rxc3 Ra2+ 41. Kh3 Qa4 42. e5 Ra1 1-0

[Event "35.C.to Italiano"]
[Site "Castelvecchio Pascoli - Barga"]
[Date "1974.10.05"]
[Round "5"]
[White "Contedini, Ennio"]
[Black "Primavera, Roberto"]
[Result "0-1"]
[WhiteElo "2270"]
[BlackElo "2280"]
[Annotator "Gabriele Ballarin"]
[PlyCount "58"]
[EventDate "1974.10.01"]
[EventType "tourn"]
[EventRounds "13"]
[EventCountry "ITA"]
[EventCategory "3"]

1. e4 g6 2. Nc3 Bg7 3. Nf3 d6 4. d4 Bg4 5. Be2 Nc6 6. d5 Bxf3 7. Bxf3 Nd4 8. Bg4 c5 9. O-O Nf6 10. Bh3 b5 11. f3 b4 12. Ne2 Nd7 13. a3 a5 14. axb4 axb4 15. Rxa8 Qxa8 16. Bxd7+ Kxd7 17. c3 Nxe2+ 18. Qxe2 bxc3 19. Qb5+ Kc7 20. bxc3 Bxc3 21. f4 Bd4+ 22. Kh1 Rb8 23. Qd3 Qa2 24. e5 Qxd5 25. exd6+ exd6 26. Re1 Kd7 27. Qe2 Qe6 28. Qd2 Qc4 29. Qa5 Qb4 0-1

[Event "35.C.to Italiano"]
[Site "Castelvecchio Pascoli - Barga"]
[Date "1974.10.05"]
[Round "5"]
[White "Cosulich, Roberto"]
[Black "Micheli, Carlo"]
[Result "1-0"]
[WhiteElo "2430"]
[BlackElo "2320"]
[Annotator "Gabriele Ballarin"]
[PlyCount "68"]
[EventDate "1974.10.01"]
[EventType "tourn"]
[EventRounds "13"]
[EventCountry "ITA"]
[EventCategory "3"]

1. e4 g6 2. d4 Bg7 3. Nc3 c6 4. Be3 d5 5. Nf3 dxe4 6. Nxe4 Nd7 7. Be2 Ngf6 8. Nxf6+ Nxf6 9. O-O O-O 10. c4 Bf5 11. Ne5 Ne8 12. Qb3 Qc8 13. Rad1 Nc7 14. Rfe1 Rd8 15. Qb4 Bf8 16. Qa5 f6 17. Nd3 Be6 18. Bf4 b6 19. Qc3 Bf7 20. Bf3 Ne6 21. d5 cxd5 22. Bxd5 Nxf4 23. Nxf4 Rb8 24. Bxf7+ Kxf7 25. Rxd8 Qxd8 26. c5 bxc5 27. Qc4+ Ke8 28. Nd5 e5 29. Qa4+ Kf7 30. Qxa7+ Ke6 31. Rd1 Bd6 32. Qxh7 Rxb2 33. Qxg6 Qa5 34. Qe8+ Kf5 1-0

[Event "35.C.to Italiano"]
[Site "Castelvecchio Pascoli - Barga"]
[Date "1974.10.05"]
[Round "5"]
[White "Nestler, Vincenzo"]
[Black "Toth, Bela"]
[Result "1/2-1/2"]
[WhiteElo "2220"]
[BlackElo "2385"]
[Annotator "Gabriele Ballarin"]
[PlyCount "107"]
[EventDate "1974.10.01"]
[EventType "tourn"]
[EventRounds "13"]
[EventCountry "ITA"]
[EventCategory "3"]

1. Nf3 Nf6 2. d4 e6 3. e3 b6 4. Bd3 Bb7 5. Nbd2 c5 6. O-O d6 7. c3 Be7 8. e4 O-O 9. Re1 Nc6 10. a3 Nd7 11. Nf1 Bf6 12. Bc2 e5 13. dxc5 dxc5 14. Ng3 Qc7 15. Nf5 Rfd8 16. Qe2 Ne7 17. Ng3 Ng6 18. Be3 c4 19. Nd2 b5 20. Nf5 Nc5 21. Bxc5 Qxc5 22. g3 a6 23. Rad1 Nf8 24. Nf3 Ne6 25. h4 Rxd1 26. Rxd1 Rd8 27. Ne3 h5 28. Rxd8+ Bxd8 29. Qd2 Bc6 30. Kf1 f6 31. Ne1 Qe7 32. N1g2 Qd7 33. Qxd7 Bxd7 34. Nd5 Kf7 35. Nge3 g6 36. f3 Nc5 37. Ke2 Ne6 38. Kf2 Nc7 39. Ke2 Nxd5 40. Nxd5 Ke6 41. Ne3 Kd6 42. Bb1 Kc5 43. g4 a5 44. Bc2 a4 45. Kf1 Kd6 46. Bd1 Be6 47. Ke2 Be7 48. Kd2 Bf8 49. gxh5 gxh5 50. Ke2 Bd7 51. Kf2 Be7 52. Kg3 Bd8 53. f4 Bb6 54. Nd5 1/2-1/2

[Event "35.C.to Italiano"]
[Site "Castelvecchio Pascoli - Barga"]
[Date "1974.10.05"]
[Round "5"]
[White "Tatai, Stefano"]
[Black "Primavera, Giuseppe"]
[Result "1-0"]
[WhiteElo "2430"]
[BlackElo "2250"]
[Annotator "Gabriele Ballarin"]
[PlyCount "77"]
[EventDate "1974.10.01"]
[EventType "tourn"]
[EventRounds "13"]
[EventCountry "ITA"]
[EventCategory "3"]

1. e4 g6 2. d4 Bg7 3. Nc3 d6 4. Be2 c6 5. a4 Nd7 6. Nf3 Qc7 7. O-O Ngf6 8. Nd2 O-O 9. Nb3 b6 10. f4 Bb7 11. Qe1 e5 12. dxe5 dxe5 13. f5 a6 14. Be3 c5 15. Qh4 Qc6 16. Nd2 c4 17. Bxc4 Nc5 18. Bd5 Nxd5 19. exd5 Qd7 20. b4 Nxa4 21. Nxa4 Qxd5 22. Rf2 Qc6 23. f6 Bh8 24. Nc4 Rae8 25. Bxb6 Re6 26. Na5 Qe4 27. Qxe4 Bxe4 28. Bc5 Rc8 29. Be7 Bf5 30. Nc5 Bxf6 31. Bxf6 Rxf6 32. g4 Rb6 33. gxf5 Rxb4 34. Nab3 gxf5 35. Rxf5 Re8 36. Rg5+ Kf8 37. Nd7+ Ke7 38. Rxe5+ Kxd7 39. Rd1+ 1-0

[Event "35.C.to Italiano"]
[Site "Castelvecchio Pascoli - Barga"]
[Date "1974.10.05"]
[Round "5"]
[White "Zichichi, Alvise"]
[Black "Paoli, Enrico"]
[Result "1-0"]
[WhiteElo "2355"]
[BlackElo "2280"]
[Annotator "Gabriele Ballarin"]
[PlyCount "185"]
[EventDate "1974.10.01"]
[EventType "tourn"]
[EventRounds "13"]
[EventCountry "ITA"]
[EventCategory "3"]

1. b3 e5 2. Bb2 Nc6 3. e3 Nf6 4. Bb5 d6 5. Ne2 Be7 6. O-O O-O 7. f4 exf4 8. Nxf4 Ne5 9. Be2 c6 10. Nc3 Ng6 11. Qe1 d5 12. Bd3 d4 13. Ne4 Nxe4 14. Bxe4 Nxf4 15. Rxf4 Bg5 16. Rf3 f5 17. Bd3 dxe3 18. dxe3 Bf6 19. Rd1 Qe7 20. Bd4 c5 21. Bxf6 Qxf6 22. e4 f4 23. e5 Qe7 24. e6 Bxe6 25. Qe4 g6 26. Re1 Rae8 27. Bc4 Rf6 28. Rxf4 Rxf4 29. Qxf4 Qd7 30. Qe5 Kf7 31. Rf1+ Kg8 32. Qxc5 Bxc4 33. Qxc4+ Qe6 34. Rf4 Qxc4 35. Rxc4 Re7 36. Kf2 Rd7 37. Ke3 Kf7 38. Rd4 Rc7 39. c4 Ke6 40. Rd8 Ke7 41. Ra8 b6 42. Kd4 Kd6 43. b4 Rf7 44. a3 Rf4+ 45. Kd3 Rf7 46. Kc3 Re7 47. Rd8+ Kc7 48. Rf8 Rd7 49. a4 Kb7 50. b5 a6 51. Rf6 axb5 52. axb5 Kc7 53. g3 Kb7 54. Kb4 Kc7 55. Rf4 Re7 56. Kc3 Kd6 57. Kd4 Kc7 58. Kd5 Kd7 59. Rf6 Kc7 60. Rf8 Rd7+ 61. Ke6 Rd6+ 62. Ke5 Rd7 63. Re8 Kb7 64. Kf6 Rd6+ 65. Re6 Kc7 66. Ke5 Rd7 67. Rc6+ Kb7 68. Rd6 Rc7 69. Rd4 Rc5+ 70. Kd6 h5 71. Ke6 g5 72. Kf6 g4 73. Kg6 Kc7 74. Kh6 Kc8 75. Rd5 Rxc4 76. Kxh5 Rb4 77. Kg5 Kc7 78. Kf5 Kc8 79. Ke6 Kc7 80. Rg5 Rb2 81. Rg7+ Kc8 82. Rxg4 Rxh2 83. Rg8+ Kc7 84. Rg7+ Kc8 85. Rg5 Kc7 86. g4 Rg2 87. Rg7+ Kc8 88. Kd6 Rc2 89. Re7 Rc5 90. Re5 Rc4 91. g5 Kd8 92. g6 Rg4 93. Re6 1-0

[Event "35.C.to Italiano"]
[Site "Castelvecchio Pascoli - Barga"]
[Date "1974.10.07"]
[Round "6"]
[White "Contedini, Ennio"]
[Black "Cosulich, Roberto"]
[Result "0-1"]
[WhiteElo "2270"]
[BlackElo "2430"]
[Annotator "Gabriele Ballarin"]
[PlyCount "86"]
[EventDate "1974.10.01"]
[EventType "tourn"]
[EventRounds "13"]
[EventCountry "ITA"]
[EventCategory "3"]

1. e4 c5 2. c3 e6 3. d4 d5 4. exd5 exd5 5. Nf3 Nf6 6. Be2 Be7 7. O-O cxd4 8. Nxd4 O-O 9. Nd2 Nc6 10. N2f3 Bg4 11. h3 Nxd4 12. Nxd4 Bxe2 13. Qxe2 Re8 14. Be3 Bd6 15. Qf3 Re4 16. Rfd1 Qd7 17. c4 Rae8 18. Nf5 Rxc4 19. Nxd6 Qxd6 20. Bd4 b6 21. Bxf6 Qxf6 22. Qxf6 gxf6 23. Rxd5 Rc2 24. a4 Rxb2 25. a5 Re5 26. Rd8+ Kg7 27. a6 Ra5 28. Rxa5 bxa5 29. Ra8 a4 30. Rxa7 a3 31. Rxf7+ Kxf7 32. a7 a2 33. a8=Q Rb1+ 34. Kh2 a1=Q 35. Qd5+ Ke7 36. Qc5+ Kd7 37. Qd5+ Kc7 38. Qc5+ Kb7 39. Qd5+ Ka7 40. Qc5+ Rb6 41. Qc7+ Rb7 42. Qc5+ Kb8 43. Qd6+ Ka8 0-1